[Event "86th ch-ESP 2021"]
[Site "Linares ESP"]
[Date "2021.08.18"]
[Round "3.9"]
[White "Diaz Mino, Pablo"]
[Black "Cuenca Jimenez, J."]
[Result "0-1"]
[WhiteElo "2301"]
[BlackElo "2542"]
[PlyCount "184"]
[EventDate "2021.08.16"]
[SourceVersionDate "2018.05.14"]

1. d4 Nf6 2. c4 e6 3. g3 d5 4. Nf3 Bb4+ 5. Bd2 Be7 6. Bg2 O-O 7. O-O c6 8. Qc2
Ne4 9. Nc3 Nxd2 10. Nxd2 Nd7 11. Rfd1 Rb8 12. cxd5 cxd5 13. a4 b6 14. Rdc1 Bb7
15. e3 Rc8 16. Qb3 Nb8 17. a5 Nc6 18. axb6 axb6 19. Qb5 Nb4 20. Nf3 Bd6 21. Qe2
Qe7 22. Bf1 f6 23. Nb5 Rxc1 24. Rxc1 Bb8 25. Ne1 Rc8 26. Rxc8+ Bxc8 27. Nd3 Nc6
28. Qc2 Bd7 29. Nc3 Be8 30. Qb3 Bc7 31. Qa2 Na5 32. b4 Nc6 33. Qa8 Qd8 34. Qxd8
Bxd8 35. f4 Ne7 36. Kf2 Kf7 37. g4 Bd7 38. Bg2 Bc7 39. h3 Bd6 40. e4 dxe4 41.
Nxe4 Bc7 42. Nc3 Ke8 43. Ke3 Kd8 44. d5 exd5 45. Nxd5 Nxd5+ 46. Bxd5 Ke7 47.
Bc4 Kd6 48. Nf2 f5 49. gxf5 Bxf5 50. Ne4+ Kc6 51. b5+ Kd7 52. h4 Ke7 53. Be2
Bd7 54. Bc4 Be8 55. Be2 h6 56. Bc4 Bd8 57. Be2 Bc7 58. Bc4 Bg6 59. Kf3 Bh5+ 60.
Ke3 Bd8 61. Ng3 Bg4 62. h5 Kd6 63. Ne4+ Ke7 64. Ng3 Bc7 65. Ke4 Kf6 66. Ke3 Bd6
67. Ne4+ Ke7 68. Ng3 Bc5+ 69. Ke4 Kf6 70. Be2 Bc8 71. Kf3 Bb7+ 72. Kg4 Bf2 73.
Bd3 Bd4 74. Ne4+ Ke6 75. Bc4+ Bd5 76. Bd3 Bb3 77. Be2 Kd5 78. Nd2 Bc2 79. Bf3+
Kc5 80. Bc6 Kb4 81. Nf3 Bc5 82. Ne5 Ba4 83. Nd3+ Ka5 84. Nxc5 bxc5 85. f5 Bxb5
86. f6 gxf6 87. Bf3 Bd7+ 88. Kf4 Kb4 89. Bd1 Kc3 90. Ke4 c4 91. Kd5 Kd2 92. Bf3
c3 0-1

[Event "86th ch-ESP 2021"]
[Site "Linares ESP"]
[Date "2021.08.19"]
[Round "4.6"]
[White "Cuenca Jimenez, J."]
[Black "Herrera Reyes, J."]
[Result "1-0"]
[WhiteElo "2542"]
[BlackElo "2304"]
[PlyCount "123"]
[EventDate "2021.08.16"]
[SourceVersionDate "2018.05.14"]

1. d4 Nf6 2. c4 d6 3. Nf3 g6 4. Nc3 Bg7 5. e4 O-O 6. Be2 c6 7. O-O a6 8. h3 b5
9. a3 Bb7 10. e5 Ne8 11. Bf4 Nd7 12. Qd2 dxe5 13. dxe5 Nxe5 14. Qxd8 Nxf3+ 15.
Bxf3 Rxd8 16. cxb5 axb5 17. Nxb5 Bxb2 18. Ra2 cxb5 19. Bxb7 Bc3 20. Rb1 Nd6 21.
Bxd6 Rxd6 22. Rxb5 Rd1+ 23. Kh2 Rfd8 24. Rc5 Bd4 25. Rcc2 Rb1 26. Bc6 Rd6 27.
Be4 Kg7 28. g3 f5 29. Bg2 f4 30. gxf4 g5 31. Re2 gxf4 32. Rxe7+ Kf6 33. Rxh7
Be5 34. f3 Kg6 35. Re7 Bf6 36. Re4 Kf5 37. Rc2 Bd4 38. h4 Bg1+ 39. Kh3 Rg6 40.
h5 Rg3+ 41. Kh4 Bf2 42. Rxf2 Rxg2 43. Re5+ Kxe5 44. Rxg2 Kf5 45. Rg5+ Kf6 46.
Rc5 Rb3 47. a4 Rxf3 48. Kg4 Ra3 49. Rf5+ Kg7 50. Rxf4 Kh6 51. Rf6+ Kg7 52. Ra6
Ra1 53. Kf4 Rh1 54. h6+ Kf7 55. a5 Rh5 56. Ra7+ Ke6 57. h7 Kd6 58. Kg4 Rh1 59.
Kg5 Rg1+ 60. Kf6 Rf1+ 61. Kg7 Rg1+ 62. Kf8 1-0

[Event "86th ch-ESP 2021"]
[Site "Linares ESP"]
[Date "2021.08.20"]
[Round "5.2"]
[White "Salgado Lopez, I."]
[Black "Cuenca Jimenez, J."]
[Result "0-1"]
[WhiteElo "2599"]
[BlackElo "2542"]
[PlyCount "74"]
[EventDate "2021.08.16"]
[SourceVersionDate "2018.05.14"]

1. e4 e6 2. Qe2 c5 3. b3 Nc6 4. Bb2 e5 5. f4 d6 6. Nf3 g6 7. fxe5 Bg7 8. Qf2
Nh6 9. h3 O-O 10. g4 Kh8 11. Rg1 Qe7 12. Nc3 dxe5 13. Nd5 Qd6 14. O-O-O f6 15.
Qg3 Nf7 16. h4 Nd4 17. c3 Ne6 18. g5 f5 19. exf5 gxf5 20. g6 f4 21. Qg2 Nh6 22.
Ng5 f3 23. Qg3 Qxd5 24. Bc4 Qc6 25. Rdf1 e4 26. Nxh7 Rf5 27. Ng5 b5 28. Bxe6
Bxe6 29. c4 Bxb2+ 30. Kxb2 bxc4 31. d3 cxd3 32. Qe1 Bd5 33. Qd2 Qf6+ 34. Kb1
Kg7 35. h5 Re8 36. Nh7 Qe5 37. Qa5 f2 0-1

[Event "86th ch-ESP 2021"]
[Site "Linares ESP"]
[Date "2021.08.21"]
[Round "6.1"]
[White "Cuenca Jimenez, J."]
[Black "Vallejo Pons, F."]
[Result "1/2-1/2"]
[WhiteElo "2542"]
[BlackElo "2710"]
[PlyCount "60"]
[EventDate "2021.08.16"]
[SourceVersionDate "2018.05.14"]

1. d4 d5 2. c4 c6 3. Nf3 Nf6 4. e3 Bf5 5. Nc3 e6 6. Bd3 Bb4 7. O-O O-O 8. Bxf5
exf5 9. Qb3 Bxc3 10. bxc3 Qc7 11. Rb1 b6 12. Ba3 Rc8 13. Rfc1 g6 14. Rc2 Nbd7
15. Be7 dxc4 16. Qxc4 Ne4 17. Ng5 Nxg5 18. Bxg5 b5 19. Qd3 Nb6 20. f3 Re8 21.
e4 Qd7 22. Re2 Re6 23. Rbe1 Rae8 24. Bh4 Nc4 25. h3 a6 26. exf5 Rxe2 27. Rxe2
Rxe2 28. Qxe2 gxf5 29. Qe1 Qe6 30. Qg3+ Kf8 1/2-1/2

[Event "86th ch-ESP 2021"]
[Site "Linares ESP"]
[Date "2021.08.22"]
[Round "7.1"]
[White "Santos Latasa, J."]
[Black "Cuenca Jimenez, J."]
[Result "1-0"]
[WhiteElo "2616"]
[BlackElo "2542"]
[PlyCount "129"]
[EventDate "2021.08.16"]
[SourceVersionDate "2018.05.14"]

1. e4 e6 2. d4 d5 3. Nc3 Nf6 4. e5 Nfd7 5. f4 c5 6. Nf3 Nc6 7. Be3 a6 8. a3
cxd4 9. Nxd4 Bc5 10. Qd2 Nxd4 11. Bxd4 O-O 12. Bxc5 Nxc5 13. Qd4 b6 14. b4 Nd7
15. Bd3 f6 16. O-O Bb7 17. Qe3 fxe5 18. fxe5 Qh4 19. Ne2 Qh5 20. Nf4 Qxe5 21.
Qh3 Nf6 22. Nxe6 Bc8 23. Rae1 Bxe6 24. Qxe6+ Qxe6 25. Rxe6 b5 26. h3 Rfc8 27.
Rb6 Rc3 28. Re1 Ne4 29. Ra1 a5 30. Bxb5 axb4 31. Bc6 Rxc6 32. Rxc6 bxa3 33. Kf1
a2 34. Ke2 Ra3 35. Kd1 Rg3 36. Kc1 Rxg2 37. Rxa2 h6 38. Ra8+ Kh7 39. Ra7 Rg5
40. Re7 Ng3 41. Rc5 Nh5 42. Rc3 Nf6 43. Rf3 Kg6 44. Kd2 Rg2+ 45. Kd3 Rg1 46. c3
Rg2 47. Ree3 Kf7 48. Rg3 Ra2 49. Re2 Ra3 50. Rge3 Ra7 51. Re5 Rc7 52. Rf2 Rc5
53. Rf4 Ra5 54. Rb4 Ra7 55. Re2 Kg6 56. Reb2 Nh5 57. Rb7 Rxb7 58. Rxb7 Nf6 59.
Kd4 h5 60. Ke5 Kh6 61. Kf5 h4 62. Rb6 Kh5 63. Rxf6 gxf6 64. Kxf6 Kh6 65. Kf5
1-0

[Event "TCh-ESP Div Honor 2021"]
[Site "Toledo ESP"]
[Date "2021.10.12"]
[Round "2.3"]
[White "Cuenca Jimenez, J."]
[Black "Alonso Rosell, A."]
[Result "1-0"]
[WhiteElo "2550"]
[BlackElo "2570"]
[PlyCount "51"]
[EventDate "2021.10.11"]
[SourceVersionDate "2018.05.14"]
[WhiteTeam "DUOBENIAJAN COSTA CALIDA"]
[BlackTeam "C.A. SILLA - BOSCH SERINSYS"]

1. d4 Nf6 2. c4 e6 3. Nf3 d5 4. Nc3 Nbd7 5. Bf4 dxc4 6. e3 Nd5 7. Bxc4 Nxf4 8.
exf4 Bd6 9. g3 O-O 10. Qe2 a6 11. O-O b5 12. Bd3 Bb7 13. Be4 Qb8 14. a4 bxa4
15. Rxa4 Bxe4 16. Nxe4 Qb5 17. Qc2 Rfb8 18. Rfa1 Qxb2 19. Qxb2 Rxb2 20. Rxa6
Rxa6 21. Rxa6 Nb6 22. Ra7 h6 23. h4 Nd5 24. Ra8+ Kh7 25. h5 Nf6 26. Nfg5+ 1-0

[Event "TCh-ESP Div Honor 2021"]
[Site "Toledo ESP"]
[Date "2021.10.13"]
[Round "3.3"]
[White "Trigo Urquijo, S."]
[Black "Cuenca Jimenez, J."]
[Result "1/2-1/2"]
[WhiteElo "2392"]
[BlackElo "2550"]
[PlyCount "115"]
[EventDate "2021.10.11"]
[SourceVersionDate "2018.05.14"]
[WhiteTeam "SESTAO HOTEL NAVAL"]
[BlackTeam "DUOBENIAJAN COSTA CALIDA"]

1. e4 e5 2. Nf3 Nc6 3. Bb5 a6 4. Bxc6 dxc6 5. O-O Bg4 6. h3 h5 7. d3 Qf6 8.
Nbd2 g5 9. Nc4 Bxf3 10. Qxf3 Qxf3 11. gxf3 f6 12. h4 gxh4 13. f4 b5 14. Na5
exf4 15. Kg2 Bd6 16. Kf3 Ne7 17. Bxf4 Rg8 18. Bxd6 cxd6 19. Rh1 Rg4 20. Rag1
Rxg1 21. Rxg1 Kd7 22. Rh1 Ng6 23. Nb3 c5 24. Ke3 Ke6 25. Nd2 d5 26. f4 f5 27.
Rg1 Ne7 28. Rg5 Rh8 29. Nf3 h3 30. Rg3 dxe4 31. dxe4 fxe4 32. Kxe4 Kf6 33. Rxh3
Nf5 34. Ne5 Rd8 35. Rd3 Rxd3 36. Nxd3 c4 37. Nc5 Nd6+ 38. Kd5 Ke7 39. Ne6 h4
40. Ng5 Nf7 41. Ne4 h3 42. Nf2 h2 43. Ke4 Ke6 44. f5+ Kd6 45. Kf4 Kd5 46. Nh1
b4 47. f6 Ke6 48. Kg3 Kxf6 49. Kxh2 Ke5 50. Kg2 Kf4 51. Kf2 Ne5 52. Ke2 Ng4 53.
Nf2 Nxf2 54. Kxf2 a5 55. c3 bxc3 56. bxc3 a4 57. a3 Ke4 58. Ke2 1/2-1/2

[Event "TCh-ESP Div Honor 2021"]
[Site "Toledo ESP"]
[Date "2021.10.14"]
[Round "4.2"]
[White "Cuenca Jimenez, J."]
[Black "Hernandez Estevez, Y."]
[Result "1-0"]
[WhiteElo "2550"]
[BlackElo "2193"]
[PlyCount "139"]
[EventDate "2021.10.11"]
[SourceVersionDate "2018.05.14"]
[WhiteTeam "DUOBENIAJAN COSTA CALIDA"]
[BlackTeam "CLUB DEPORTIVO XADREZ OURENSE"]

1. c4 e5 2. Nc3 Nf6 3. Nf3 Nc6 4. e4 Bb4 5. d3 Bxc3+ 6. bxc3 d6 7. Be2 h6 8.
O-O O-O 9. Ne1 Nh7 10. f4 f5 11. exf5 Bxf5 12. Nc2 Qd7 13. g4 Bg6 14. f5 Be8
15. Qe1 Ne7 16. Qg3 Kh8 17. d4 Qa4 18. Bd3 Qa5 19. a4 Bd7 20. Ba3 c5 21. dxc5
dxc5 22. Qxe5 Nc6 23. Qxc5 Qxc3 24. Rad1 Rad8 25. Qe3 Rfe8 26. Qg3 Ne5 27. Bb4
Qb3 28. Be4 Qxc4 29. Rd4 Qa2 30. Ra1 Qb2 31. Bc3 Qb6 32. a5 Qc5 33. Bb4 Qc8 34.
Bd6 Nf6 35. Bxe5 Nxe4 36. Rxe4 Qxc2 37. Qf4 Rxe5 38. Qxe5 Re8 39. Qxe8+ Bxe8
40. Rxe8+ Kh7 41. Re3 Qb2 42. Raa3 Qc1+ 43. Kg2 Qd2+ 44. Kg3 Kg8 45. h4 Qd6+
46. Kh3 Qd5 47. Rf3 Kf7 48. Rad3 Qe4 49. Rd7+ Kg8 50. Rdd3 Qe1 51. Rd8+ Kh7 52.
Rd7 Qe4 53. Rdd3 h5 54. gxh5 Kh6 55. Rde3 Qd5 56. f6 gxf6 57. Rxf6+ Kg7 58. Rf4
Qh1+ 59. Kg4 Qd1+ 60. Ref3 Qd7+ 61. Kg3 Qc7 62. Kh3 Qd7+ 63. Kg3 Qd6 64. Rb3 b5
65. axb6 axb6 66. Rbf3 b5 67. Kg4 b4 68. h6+ Kg8 69. Rf8+ Qxf8 70. h7+ 1-0

[Event "TCh-ESP Div Honor 2021"]
[Site "Toledo ESP"]
[Date "2021.10.15"]
[Round "5.4"]
[White "Bulmaga, I."]
[Black "Cuenca Jimenez, J."]
[Result "1-0"]
[WhiteElo "2396"]
[BlackElo "2550"]
[PlyCount "67"]
[EventDate "2021.10.11"]
[SourceVersionDate "2018.05.14"]
[WhiteTeam "C.A. JAIME CASAS DE MONZON"]
[BlackTeam "DUOBENIAJAN COSTA CALIDA"]

1. e4 e5 2. Nf3 Nc6 3. d4 exd4 4. Nxd4 Bc5 5. Be3 Qf6 6. c3 Nge7 7. Bc4 O-O 8.
O-O Bb6 9. a4 Rd8 10. Nxc6 Nxc6 11. a5 Bxa5 12. Qh5 g6 13. Qh6 Qg7 14. Qh4 Bb6
15. Bh6 Qe5 16. Nd2 Bc5 17. Nf3 Qe7 18. Bg5 Qf8 19. Bf6 h6 20. Ng5 d5 21. exd5
Be7 22. Ne4 g5 23. Qg3 Bf5 24. Nxg5 hxg5 25. Qxg5+ Bg6 26. dxc6 Bxf6 27. Qxg6+
Bg7 28. cxb7 Rab8 29. Rad1 Rxd1 30. Rxd1 Rxb7 31. Bxf7+ Kh8 32. Rd3 Rb6 33.
Rh3+ Bh6 34. Rxh6+ 1-0

[Event "TCh-ESP Div Honor 2021"]
[Site "Toledo ESP"]
[Date "2021.10.16"]
[Round "6.1"]
[White "Gonzalez de la Torre, S."]
[Black "Cuenca Jimenez, J."]
[Result "0-1"]
[WhiteElo "2422"]
[BlackElo "2550"]
[PlyCount "90"]
[EventDate "2021.10.11"]
[SourceVersionDate "2018.05.14"]
[WhiteTeam "GROS XAKE TALDEA"]
[BlackTeam "DUOBENIAJAN COSTA CALIDA"]

1. e4 c5 2. Nf3 Nc6 3. Nc3 e5 4. Bc4 g6 5. d3 h6 6. Nd5 Bg7 7. h4 d6 8. h5 g5
9. Nh2 Be6 10. Nf1 Nge7 11. Nfe3 O-O 12. a4 Nb4 13. Nxe7+ Qxe7 14. c3 Nc6 15.
Qf3 Qd7 16. Nd5 Kh7 17. Nf6+ Bxf6 18. Qxf6 Bxc4 19. dxc4 Na5 20. O-O Qe6 21.
Qf3 Nxc4 22. a5 b6 23. b4 cxb4 24. cxb4 bxa5 25. bxa5 a6 26. Rd1 Rfc8 27. Rd5
Rc5 28. Rb1 Rxa5 29. Rb7 Rf8 30. Rc7 Rc5 31. Rcxc5 dxc5 32. Qc3 Nd6 33. Rxe5
Nb5 34. Qa1 Qg4 35. Be3 Qxh5 36. Rxc5 Rd8 37. f3 Qg6 38. Qc1 Qe6 39. Rc6 Rd1+
40. Qxd1 Qxc6 41. Qd8 Kg7 42. e5 Nc7 43. f4 Nd5 44. f5 Nxe3 45. e6 Qxg2# 0-1

[Event "TCh-ESP Div Honor 2021"]
[Site "Toledo ESP"]
[Date "2021.10.17"]
[Round "7.4"]
[White "Cuenca Jimenez, J."]
[Black "Llobel Cortell, E."]
[Result "1-0"]
[WhiteElo "2550"]
[BlackElo "2385"]
[PlyCount "97"]
[EventDate "2021.10.11"]
[SourceVersionDate "2018.05.14"]
[WhiteTeam "DUOBENIAJAN COSTA CALIDA"]
[BlackTeam "ANDREU PATERNA"]

1. d4 Nf6 2. c4 Nc6 3. Nc3 e5 4. d5 Ne7 5. Nf3 Ng6 6. h4 e4 7. Ng5 Bb4 8. h5
Ne5 9. h6 g6 10. Qd4 Qe7 11. Ngxe4 Nxe4 12. Qxe4 f5 13. Qc2 Nxc4 14. a3 Ba5 15.
b4 Bb6 16. e3 Ne5 17. Bb2 d6 18. Na4 O-O 19. Nxb6 cxb6 20. Be2 f4 21. Qe4 Qg5
22. Bxe5 dxe5 23. Bf3 fxe3 24. Qxe3 Qxe3+ 25. fxe3 Bf5 26. e4 Bd7 27. Kd2 Rac8
28. Rac1 Kf7 29. Ke3 Kf6 30. Kf2 Kg5 31. Kg3 Rxc1 32. Rxc1 Rc8 33. Rxc8 Bxc8
34. d6 Bd7 35. Be2 b5 36. Bd1 Be6 37. a4 bxa4 38. Bxa4 Kf6 39. Be8 Bg8 40. Kg4
Be6+ 41. Kh4 Bg8 42. d7 Ke7 43. Kg5 a6 44. Bxg6 Kxd7 45. Kf6 b6 46. Kg7 Bc4 47.
Bxh7 a5 48. Bf5+ Ke7 49. h7 1-0

[Event "86th ch-ESP 2021"]
[Site "Linares ESP"]
[Date "2021.08.23"]
[Round "8.6"]
[White "Cuenca Jimenez, J."]
[Black "Del Rio de Angelis, S."]
[Result "1-0"]
[WhiteElo "2542"]
[BlackElo "2511"]
[PlyCount "71"]
[EventDate "2021.08.16"]
[SourceVersionDate "2018.05.14"]

1. d4 e6 2. c4 f5 3. a3 Nf6 4. Nc3 Be7 5. e3 d6 6. Nf3 Ne4 7. Nxe4 fxe4 8. Nd2
d5 9. f3 O-O 10. fxe4 c5 11. Bd3 cxd4 12. Nf3 dxe3 13. Bxe3 Kh8 14. O-O Nc6 15.
b4 d4 16. Bf2 e5 17. b5 Na5 18. Nxe5 Be6 19. Qe2 Rc8 20. Rfd1 Bc5 21. Nf3 Qe7
22. e5 Bg4 23. Kh1 b6 24. h3 Be6 25. Bh4 Qe8 26. Ng5 Bg8 27. Qe4 Qh5 28. Be2
Qh6 29. e6 Rce8 30. Rf1 Rf6 31. Rxf6 gxf6 32. Qf4 Qg7 33. Nxh7 Be7 34. Bxf6
Bxf6 35. Nxf6 Rxe6 36. Qh4+ 1-0

[Event "86th ch-ESP 2021"]
[Site "Linares ESP"]
[Date "2021.08.24"]
[Round "9.3"]
[White "Cuenca Jimenez, J."]
[Black "Santos Ruiz, Miguel"]
[Result "1/2-1/2"]
[WhiteElo "2542"]
[BlackElo "2597"]
[PlyCount "60"]
[EventDate "2021.08.16"]
[SourceVersionDate "2018.05.14"]

1. d4 Nf6 2. c4 e6 3. Nf3 a6 4. Nc3 d5 5. e3 Nbd7 6. b3 b6 7. Bd3 Bb7 8. Qc2 c5
9. cxd5 exd5 10. Bb2 Bd6 11. O-O O-O 12. Rad1 Re8 13. Bf5 Rc8 14. dxc5 bxc5 15.
Ng5 g6 16. Nce4 Nxe4 17. Nxe4 dxe4 18. Bxd7 Qxd7 19. Qc3 f6 20. Qxf6 Re6 21.
Qh8+ Kf7 22. Qxh7+ Ke8 23. Qh8+ Kf7 24. Qh7+ Ke8 25. Qh8+ Kf7 26. Qh7+ Ke8 27.
Qh8+ Kf7 28. Qh7+ Ke8 29. Qh8+ Kf7 30. Qh7+ Ke8 1/2-1/2

[Event "3rd San Cristobal Open"]
[Site "San Cristobal de La Laguna ES"]
[Date "2021.08.28"]
[Round "1.3"]
[White "Diaz Reyes, Franklin"]
[Black "Cuenca Jimenez, J."]
[Result "0-1"]
[WhiteElo "1831"]
[BlackElo "2555"]
[PlyCount "64"]
[EventDate "2021.08.28"]
[SourceVersionDate "2018.05.14"]

1. e4 d6 2. d4 Nf6 3. Nc3 e5 4. dxe5 dxe5 5. Qxd8+ Kxd8 6. Bg5 Be6 7. Nf3 Nbd7
8. O-O-O Kc8 9. a3 c6 10. Nd2 Ng4 11. Bh4 Bc5 12. f3 Bf2 13. fxg4 Bxh4 14. h3
b5 15. Nf3 Be7 16. Be2 f6 17. Nh4 g6 18. Rhf1 a5 19. g3 Nc5 20. Bf3 b4 21. Nb1
Rb8 22. axb4 Rxb4 23. Rfe1 Kc7 24. Nd2 Rhb8 25. b3 a4 26. bxa4 Nxa4 27. Re3 Bc5
28. Ra3 Bd4 29. Rxa4 Rxa4 30. Nb3 Bxb3 31. cxb3 Rxb3 32. Kd2 g5 0-1

[Event "3rd San Cristobal Open"]
[Site "San Cristobal de La Laguna ES"]
[Date "2021.08.29"]
[Round "2.3"]
[White "Cuenca Jimenez, J."]
[Black "Guillermo Gonzalez, Alvaro"]
[Result "1-0"]
[WhiteElo "2555"]
[BlackElo "2060"]
[PlyCount "149"]
[EventDate "2021.08.28"]
[SourceVersionDate "2018.05.14"]

1. d4 Nf6 2. c4 g6 3. Nc3 Bg7 4. e4 d6 5. Be2 O-O 6. Bg5 c5 7. d5 b5 8. cxb5 a6
9. a4 Qa5 10. Bd2 axb5 11. Bxb5 Ba6 12. Nge2 Bxb5 13. Nxb5 Qb6 14. Qc2 Na6 15.
O-O Rfb8 16. Rfb1 Ne8 17. Bc3 Nec7 18. Bxg7 Kxg7 19. Nec3 Nxb5 20. Nxb5 Rb7 21.
b3 Qa5 22. Re1 Nc7 23. Na3 Qb4 24. Re3 e5 25. Qd1 Qa5 26. Nc4 Qa6 27. Rc1 Rd8
28. f4 f6 29. Qf3 exf4 30. Qxf4 Ne8 31. Rf1 Re7 32. h4 Rb8 33. Rc1 Rbb7 34. Rg3
Rf7 35. h5 g5 36. Qf5 Qa8 37. Rf1 Qd8 38. h6+ Kf8 39. Qf3 Ra7 40. Qc3 Kg8 41.
Rgf3 Kf8 42. Ne3 Rae7 43. Ng4 Rxe4 44. Nxf6 Rf4 45. Rxf4 gxf4 46. Nh5 Qh4 47.
Ng7 Nxg7 48. hxg7+ Rxg7 49. a5 Qg5 50. Qd2 Rf7 51. a6 Qe5 52. Re1 Qf6 53. Qd3
f3 54. Qxf3 Qd4+ 55. Qe3 Qxe3+ 56. Rxe3 Ra7 57. Kf2 Rxa6 58. Kf3 Kf7 59. Kf4
Ra2 60. Re6 Rxg2 61. Rxd6 Ke7 62. Rh6 Rb2 63. Ke5 Re2+ 64. Kf5 Rb2 65. d6+ Kd7
66. Ke5 Rxb3 67. Rxh7+ Kc6 68. Rc7+ Kb6 69. Rc8 Re3+ 70. Kd5 Rd3+ 71. Ke6 Re3+
72. Kd7 Kb5 73. Rb8+ Ka4 74. Kc6 c4 75. Kc5 1-0

[Event "3rd San Cristobal Open"]
[Site "San Cristobal de La Laguna ES"]
[Date "2021.08.29"]
[Round "3.2"]
[White "Tahay, Alexis"]
[Black "Cuenca Jimenez, J."]
[Result "1-0"]
[WhiteElo "2376"]
[BlackElo "2555"]
[PlyCount "137"]
[EventDate "2021.08.28"]
[SourceVersionDate "2018.05.14"]

1. e4 e5 2. Nf3 Nc6 3. Bb5 a6 4. Ba4 Nf6 5. O-O Be7 6. d3 b5 7. Bb3 d6 8. a3
Na5 9. Ba2 c5 10. Nc3 Be6 11. Nh4 O-O 12. Nf5 Bxf5 13. exf5 d5 14. Bg5 c4 15.
Qe2 Nc6 16. Rfd1 Qd6 17. Bxf6 Bxf6 18. Qf3 Nd4 19. Qxd5 Qxd5 20. Nxd5 Nxc2 21.
Rac1 Nd4 22. Nxf6+ gxf6 23. Kf1 cxd3 24. Rxd3 Rfc8 25. Rdc3 Rxc3 26. Rxc3 Ra7
27. g4 a5 28. Bd5 Kg7 29. Rc8 Rd7 30. Rc5 Kf8 31. f3 Ke7 32. Be4 Kd8 33. Kf2
Rc7 34. Rxc7 Kxc7 35. Bd5 Kd6 36. Bxf7 h6 37. h4 Kc5 38. Ke3 Kd6 39. f4 Nc2+
40. Ke4 exf4 41. Kxf4 b4 42. a4 Nd4 43. Bc4 Nc6 44. Ke4 Ne5 45. Be2 Nd7 46. Bb5
Ne5 47. Kf4 Nf7 48. Be8 Ne5 49. g5 hxg5+ 50. hxg5 fxg5+ 51. Kxg5 Ke7 52. Bb5
Nf7+ 53. Kf4 Kf6 54. Be2 Ne5 55. Ke4 Nd7 56. Bb5 Ne5 57. Bd3 Nd7 58. Kd4 Ke7
59. Bb5 Nf6 60. Kc5 Ne4+ 61. Kb6 Kd6 62. Kxa5 Kc5 63. Ka6 b3 64. Bd3 Nf6 65.
Kb7 Kb4 66. Bb5 Kc5 67. Kc7 Ne4 68. Kd7 Kd5 69. Bc6+ 1-0

[Event "3rd San Cristobal Open"]
[Site "San Cristobal de La Laguna ES"]
[Date "2021.08.31"]
[Round "5.7"]
[White "Molina Rodriguez, B."]
[Black "Cuenca Jimenez, J."]
[Result "0-1"]
[WhiteElo "2139"]
[BlackElo "2555"]
[PlyCount "48"]
[EventDate "2021.08.28"]
[SourceVersionDate "2018.05.14"]

1. e4 e6 2. d4 d5 3. Nc3 Nf6 4. Bg5 dxe4 5. Nxe4 Be7 6. Bxf6 gxf6 7. Qd2 f5 8.
Nc3 a6 9. g3 c5 10. d5 e5 11. O-O-O Qd6 12. f4 Nd7 13. Nf3 e4 14. Ne5 Nb6 15.
Be2 O-O 16. Rhg1 f6 17. Nc4 Nxc4 18. Bxc4 b5 19. Be2 Kh8 20. h3 c4 21. g4 b4
22. Nxe4 fxe4 23. Bxc4 Bd8 24. g5 Bb6 0-1

[Event "3rd San Cristobal Open"]
[Site "San Cristobal de La Laguna ES"]
[Date "2021.09.01"]
[Round "6.4"]
[White "Cuenca Jimenez, J."]
[Black "Milliet, S."]
[Result "1-0"]
[WhiteElo "2555"]
[BlackElo "2407"]
[PlyCount "93"]
[EventDate "2021.08.28"]
[SourceVersionDate "2018.05.14"]

1. e4 c5 2. Nf3 e6 3. d4 cxd4 4. Nxd4 Nc6 5. Nc3 Qc7 6. g3 a6 7. Bg2 Nf6 8. O-O
Nxd4 9. Qxd4 Bc5 10. Bf4 d6 11. Qd2 h6 12. Rad1 e5 13. Be3 Bxe3 14. fxe3 Be6
15. Qxd6 Qxd6 16. Rxd6 Nd7 17. Nd5 Rc8 18. Rf2 h5 19. h4 Rh6 20. Rd2 Rg6 21.
Kh2 Nf6 22. Nxf6+ Rxf6 23. b3 Rc3 24. R6d3 Rxd3 25. cxd3 Bg4 26. Rc2 Rd6 27.
Bf1 Kd7 28. Kg1 b6 29. b4 Kd8 30. a3 Kd7 31. Rc3 Rf6 32. Bg2 Rd6 33. Kf2 Rf6+
34. Ke1 Rd6 35. Bf1 Rg6 36. Rc2 Be6 37. Kf2 Bg4 38. Bg2 Rd6 39. Rc3 Kd8 40. Ke1
Kd7 41. Bf1 Rg6 42. d4 Bf3 43. Bh3+ Kd6 44. Bf5 Rh6 45. d5 g6 46. Rc6+ Ke7 47.
d6+ 1-0

[Event "3rd San Cristobal Open"]
[Site "San Cristobal de La Laguna ES"]
[Date "2021.09.02"]
[Round "7.2"]
[White "Camacho Collados, M."]
[Black "Cuenca Jimenez, J."]
[Result "1/2-1/2"]
[WhiteElo "2409"]
[BlackElo "2555"]
[PlyCount "60"]
[EventDate "2021.08.28"]
[SourceVersionDate "2018.05.14"]

1. d4 d5 2. c4 c6 3. Nf3 Nf6 4. cxd5 cxd5 5. Nc3 Nc6 6. Bf4 Bf5 7. e3 e6 8. Bd3
Bxd3 9. Qxd3 Bd6 10. Bxd6 Qxd6 11. O-O O-O 12. Rac1 Rac8 13. h3 h6 14. Na4 Ne7
15. a3 Rxc1 16. Rxc1 Rc8 17. Rxc8+ Nxc8 18. Qc2 Ne7 19. b4 b6 20. Ne5 Nd7 21.
Nxd7 Qxd7 22. Nb2 Qc8 23. Qxc8+ Nxc8 24. f3 Kf8 25. Kf2 Ke7 26. e4 Kd7 27. e5
Ne7 28. g4 Nc6 29. Ke3 Ke7 30. f4 g6 1/2-1/2

[Event "3rd San Cristobal Open"]
[Site "San Cristobal de La Laguna ES"]
[Date "2021.09.03"]
[Round "8.1"]
[White "Cuenca Jimenez, J."]
[Black "Sosa, T ARG."]
[Result "0-1"]
[WhiteElo "2555"]
[BlackElo "2565"]
[PlyCount "148"]
[EventDate "2021.08.28"]
[SourceVersionDate "2018.05.14"]

1. d4 Nf6 2. c4 e6 3. Nf3 d5 4. Nc3 c5 5. cxd5 exd5 6. Bg5 cxd4 7. Qxd4 Be7 8.
e3 O-O 9. Qa4 Qb6 10. Qb5 Nc6 11. Qxb6 axb6 12. Be2 h6 13. Bh4 Rd8 14. Nd4 g5
15. Bg3 Bc5 16. Ncb5 Nxd4 17. exd4 Bb4+ 18. Kf1 Ne4 19. Bc7 Nd2+ 20. Kg1 Re8
21. Be5 Ra5 22. a3 Nb3 23. Rd1 Bf8 24. Nc7 Re7 25. Bf3 g4 26. Bxd5 Nxd4 27.
Bxd4 Rxc7 28. Bc3 Rac5 29. h3 Rd7 30. Bb3 gxh3 31. gxh3 Bg7 32. Bxg7 Kxg7 33.
Kh2 Rxd1 34. Rxd1 Rb5 35. Rd3 Bf5 36. Re3 Kf6 37. Kg3 Bg6 38. f4 Bf5 39. Kf2
Be6 40. Bxe6 Rxb2+ 41. Kf3 fxe6 42. Kg4 Rb5 43. Rc3 h5+ 44. Kg3 Kf5 45. Re3 Rc5
46. h4 b5 47. Kf3 Rd5 48. Kg3 Rc5 49. Kf3 Rd5 50. Kg3 e5 51. fxe5 Rxe5 52. Rc3
b6 53. Kf3 Rc5 54. Rd3 Ke5 55. Re3+ Kf5 56. Rd3 Ke5 57. Re3+ Kd4 58. Re4+ Kd5
59. Rf4 Rc3+ 60. Ke2 Rxa3 61. Rf5+ Kc4 62. Rxh5 Rh3 63. Re5 b4 64. Kd2 Rh2+ 65.
Kc1 Kb3 66. h5 Rh1+ 67. Kd2 Kb2 68. Rb5 b3 69. Kd3 Ka2 70. Rxb6 Rxh5 71. Ra6+
Kb1 72. Kd2 b2 73. Rd6 Ra5 74. Rb6 Ka1 0-1

[Event "3rd San Cristobal Open"]
[Site "San Cristobal de La Laguna ES"]
[Date "2021.09.04"]
[Round "9.7"]
[White "Perez Perez, Gabriel"]
[Black "Cuenca Jimenez, J."]
[Result "0-1"]
[WhiteElo "2202"]
[BlackElo "2555"]
[PlyCount "48"]
[EventDate "2021.08.28"]
[SourceVersionDate "2018.05.14"]

1. e4 e5 2. Nf3 Nc6 3. Bc4 Bc5 4. c3 Nf6 5. d4 exd4 6. b4 Bb6 7. e5 d5 8. exf6
dxc4 9. Qe2+ Be6 10. fxg7 Rg8 11. b5 d3 12. Qe4 Ne7 13. Ng5 Qd5 14. Qxd5 Nxd5
15. Na3 Ba5 16. Bd2 Bxc3 17. Bxc3 Nxc3 18. Rc1 Nxa2 19. Nxe6 Nxc1 20. Nxc7+ Kd7
21. Nxa8 c3 22. b6 Rxa8 23. bxa7 Nb3 24. Nc4 Re8+ 0-1

[Event "Eivissa Masters 2021"]
[Site "Ibiza ESP"]
[Date "2021.09.06"]
[Round "1.1"]
[White "Cuenca Jimenez, J."]
[Black "Garcia Ramos, Daniel"]
[Result "0-1"]
[WhiteElo "2555"]
[BlackElo "2412"]
[PlyCount "72"]
[EventDate "2021.09.06"]
[SourceVersionDate "2018.05.14"]

1. e4 c6 2. Nf3 d5 3. Nc3 dxe4 4. Nxe4 Nf6 5. Qe2 Nxe4 6. Qxe4 Qa5 7. Qf4 Qf5
8. Qe3 Qxc2 9. Bd3 Qa4 10. O-O Na6 11. b3 Qa5 12. Bb2 f6 13. Bc3 Qh5 14. Bxa6
bxa6 15. Rfe1 Kf7 16. Rac1 Bg4 17. Nd4 e5 18. Nxc6 Ba3 19. Rc2 Rhc8 20. Bxe5
Bd7 21. b4 Qf5 22. Bxf6 gxf6 23. Qe7+ Kg8 24. Rc3 Re8 25. Rg3+ Qg6 26. Ree3 Bg4
27. d3 Bc1 28. Re4 f5 29. Qd7 Bg5 30. Ne5 Qe6 31. Rgxg4 fxg4 32. Qa4 Qd5 33.
Nxg4 Rxe4 34. dxe4 Rc8 35. h4 Qxe4 36. Qd7 Rc1+ 0-1